College Quizbowl Stats
College Quizbowl Stats
Circuits
Seasons
Sets
Records
Detailed Stats
About
Loading...
2024 ARGOS @ Brandeis
Tossups
Bonuses
Players
Teams
Categories (Tossup)
Categories (Bonus)
Khugan Chan
Import Pandas
Categories
Category
Powers
Gets
Negs
BBs
Points
Earliest Buzz
Avg. Buzz
First Buzzes
Top 3 Buzzes
History - European History
0
2
0
1
20
123
129.50
0
2
Literature - European Literature
0
1
0
0
10
141
141.00
0
1
Literature - British Literature
0
0
0
0
0
0.00
0
0
Literature - World Literature
0
0
0
0
0
0.00
0
0
Buzzes
Category
Answer
Value
Buzz Position
History - European History
Chetniks
10
123
History - European History
the Directory
10
136
Literature - European Literature
Fuenteovejuna
10
141
Literature - World Literature
Dom Casmurro
0
145
Literature - British Literature
Isabel Archer
0
152
Previous
1
Next